| 000 | 00394nam a2200145Ia 4500 | ||
|---|---|---|---|
| 008 | 230312s9999||||xx |||||||||||||| ||und|| | ||
| 082 |
_a297.63 _bZAF-K |
||
| 100 | _aپروفیسر ڈاکٹر محمد ظفر اقبال | ||
| 245 | 0 | _aKhatam ul Anbia ( حاتم الا نبیاء) | |
| 260 |
_bDr.M Zafar Iqbal _aLahore |
||
| 300 | _a329 | ||
| 546 | _a329 | ||
| 650 | _aLiterature | ||
| 942 | _cBK | ||
| 999 |
_c5854 _d5854 |
||